| 000 | 01194nam a22003377a 4500 | ||
|---|---|---|---|
| 003 | CHAP | ||
| 005 | 20220329135948.0 | ||
| 008 | 971013s1977 r 00010 d | ||
| 010 | _a44765 | ||
| 011 | _a45737 | ||
| 035 | _a49876 | ||
| 040 | _cCHAP | ||
| 090 | _aTesis | ||
| 100 | 0 | 0 |
_aRamos Juárez, Laureano Evaristo. _994435 |
| 245 | _aCaracterísticas de las Leucopenias provocadas por vacunación con virus "vivo" de la Enfermedad Newcastle en pollos de engorda | ||
| 260 |
_aMéxico, D. F. : _bEl autor, _c1977 |
||
| 300 |
_a11 h. _b; gráfs. |
||
| 502 | _aTesis (Médico Veterinario Zootecnista) -- UNAM. Facultad de Medicina Veterinaria y Zootecnia | ||
| 590 |
_aALEPH _b10 _c20130110 _lUCH01 _h1314 |
||
| 590 |
_aBATCH-UPD _b10 _c20130109 _lUCH01 _h2350 |
||
| 590 |
_aBATCH-UPD _b10 _c20130110 _lUCH01 _h1404 |
||
| 590 |
_aBATCH-UPD _b10 _c20130409 _lUCH01 _h1922 |
||
| 590 |
_aBATCH-UPD _b10 _c20130914 _lUCH01 _h0445 |
||
| 590 |
_aCONVERSION _b10 _c20130109 _lUCH01 _h1325 |
||
| 650 | 1 | 4 |
_aAves de corral _xEnfermedades. _98646 |
| 650 | 1 | 4 |
_aEnfermedad de Newcastle. _936929 |
| 650 | 1 | 4 |
_aVacunas. _9117179 |
| 901 | _aBK | ||
| 942 | _cTESIS | ||
| 949 |
_bBC _cTES _d-112373 _eTS1 _i49876 _si |
||
| 999 |
_c44765 _d44765 |
||